000
00331nam a2200133Ia 4500
008
240624s9999 xx 000 0 und d
041
_a
eng
082
_a
658.404 TIN
100
_a
TINSLEY RICHARD
245
_a
PROJECT FINANCE PROJECT FINANCE RISKS ST
250
_a
(2nd ed.)
260
_c
2000
_b
Euromoney Books
365
_c
_b
38
999
_c
31221
_d
31221